David Copperfield /
Es este uno de los personajes más conocidos de Charles Dickens (1812-1870). Perseguido por la adversidad, marcado por una profecía, no se rinde y prosigue en busca de la felicidad, apoyado por la gente buena y sencilla. Representa el espíritu positivo con que el autor veía el mundo difícil de su tie...
Guardado en:
| Autor Principal: | |
|---|---|
| Otros Autores: | , |
| Formato: | Libro |
| Idioma: | Undetermined |
| Publicado: |
Barcelona :
Arte Gráfico,
2000.
|
| Series: | Grandes clásicos - Genios ;
34 |
| Materias: | |
| Etiquetas: |
Agregar Etiqueta
Sin Etiquetas, Sea el primero en etiquetar este registro!
|
| LEADER | 01082nam a22002295a 4500 | ||
|---|---|---|---|
| 001 | CEM.cems021049 | ||
| 008 | 240419s2000####sp############000#0#und#d | ||
| 005 | 20240422152917.0 | ||
| 245 | 1 | 0 | |a David Copperfield / |c Charles Dickens ; ilustrado por Alberto Pez ; adaptado por Claudia Hartfiel. |
| 260 | |a Barcelona : |b Arte Gráfico, |c 2000. | ||
| 300 | |a 46 p. | ||
| 490 | 1 | |a Grandes clásicos - Genios ; |v 34 | |
| 520 | |a Es este uno de los personajes más conocidos de Charles Dickens (1812-1870). Perseguido por la adversidad, marcado por una profecía, no se rinde y prosigue en busca de la felicidad, apoyado por la gente buena y sencilla. Representa el espíritu positivo con que el autor veía el mundo difícil de su tiempo. | ||
| 020 | |a 9507820965 | ||
| 100 | 1 | |a Dickens, Charles. | |
| 700 | 1 | |a Pez, Alberto; il. | |
| 700 | 1 | |a Hartfiel, Claudia; adapt. | |
| 653 | |a Novela juvenil | ||
| 653 | |a Literatura juvenil | ||
| 653 | |a Literatura inglesa | ||
| 859 | |a CEMS |b BIB. CEMS - Inicial y Primaria |h 823.8 |i D555-1 |k IP |p 6548 |t Ej.1 | ||
| 859 | |a CEMS |b BIB. CEMS |h 823.8 |i D555-1 |k IP |p 2173 |t Ej.2 | ||
